<?xml version="1.0" encoding="UTF-8"?>
<marc:record xmlns:marc="http://www.loc.gov/MARC21/slim">
   <marc:leader>00000nam a2200000 a 4500</marc:leader>
   <marc:datafield ind1="1" ind2=" " tag="100">
      <marc:subfield code="a">Shafir, Haim</marc:subfield>
      <marc:subfield code="4">aut</marc:subfield>
      <marc:subfield code="e">Verfasser/-in</marc:subfield>
   </marc:datafield>
   <marc:datafield ind1="0" ind2="0" tag="245">
      <marc:subfield code="a">Speed Cups 6</marc:subfield>
   </marc:datafield>
   <marc:datafield ind1="0" ind2="0" tag="245">
      <marc:subfield code="c">Haim Shafir</marc:subfield>
   </marc:datafield>
   <marc:datafield ind1="1" ind2=" " tag="520">
      <marc:subfield code="a">Bei diesem rasanten Actionspiel erhält jeder Spieler fünf bunte Cups. Nun aber aufgepasst und schnell sortiert: Die Karten geben vor, wie die Cups neben- oder aufeinander angeordnet werden sollen. &#xD;
Version für bis zu 6 Spieler und 12 zusätzlichen neuen Spielkarten. &#xD;
&#xD;
Für 2 - 6 Spieler ab 6 Jahren. Dauer: ca. 15 Minuten.</marc:subfield>
   </marc:datafield>
   <marc:datafield ind1=" " ind2=" " tag="020">
      <marc:subfield code="a">9787396018802</marc:subfield>
      <marc:subfield code="9">9787396018802</marc:subfield>
   </marc:datafield>
</marc:record>
